书目信息 |
| 书名: | Scaramouche | |
| 作者: | Rafael Sabatini | |
| 分册号: | ||
| 分册名: | 出版地: | NEW YORK |
|
| 出版社: | A Common Reader Edition | |
| 出版时间: | 2010 | |
| 页数: | 477p | |
| 开本: | 20cm | |
| 丛书名: | ||
| 中图分类号: | ||
| 科图分类号: | ||
| 其他分类号: | K811 | |
| 主题词: | ||
| 电子资源: | ||
| 000 | 00481nam0 2200193 450 | |
| 001 | 052012176381 | |
| 005 | 20121107110254.0 | |
| 008 | 20021229d1997 em y0chiy0121 ea | |
| 020 | @a1-88817-358-0@c$19.95 | |
| 041 | @aeng | |
| 091 | @aK811 | |
| 099 | @dK811@eR121 | |
| 100 | @aRafael Sabatini | |
| 245 | 10 | @aScaramouche@cRafael Sabatini |
| 260 | @aNEW YORK@bA Common Reader Edition@c2010 | |
| 300 | @a477p@c20cm | |
| 521 | @aScaramouche | |
| 905 | @b5538-40 | |
| 905 | @aTSG@dK811@eR121 | |
| Scaramouche / Rafael Sabatini.-NEW YORK : A Common Reader Edition , 2010 |
| 477p ; 20cm |
| Scaramouche |
| ISBN 1-88817-358-0$19.95 |
| ● |
| 相关链接 |
|
|
|
正题名:Scaramouche
索取号:K811/R121
 
预约/预借
| 序号 | 登录号 | 条形码 | 馆藏地/架位号 | 状态 | 备注 |
| 1 | 5538 | 300055384 | 社科库309/309社科库 995排2列2层/ [索取号:K811/R121] | 在馆 | |
| 2 | 5539 | 300055393 | 社科库309/309社科库 995排2列2层/ [索取号:K811/R121] | 在馆 | |
| 3 | 5540 | 300055400 | 社科库309/309社科库 995排2列2层/ [索取号:K811/R121] | 在馆 |